00713nam a22001937a 4500003000500000005001700005008004100022020002700063040001900090050001600109082003400125100004500159245010300204260005900307300002900366538007000395650002800465856002600493NUST20170606130524.0131231b xxu||||| |||| 00| 0 eng d a92917151506cAvailable aDLCbDLCcRCMS a629.132 IAT 26th, ed.a629.132 IATb002113 aInternational Air Transport Association  aFlight Simulator Design and Performance Data Requirements cInternational Air Transport Assocation aGeneva bInternational Air Transport Assocationcc2000 axii,210,p:bill:c24,cm. iShelf # 10, Row # 6, Mechanical & Aerospace. Shelf No 1 Row No 3 xFlight Simulator Design 3Table of Content Only